Score 0/63 Timer 07:00
1 Play Today
Hint Answer % Correct
●The beautiful game●●GOLF●
95.9%
●Long distance club●●WOOD●
85.5%
Day before FriTHUR
82.9%
●PGA or European●●TOUR●
82%
●The Golden Bear Nicklaus●●JACK●
81.2%
Group of wolvesPACK
79.8%
●Mid-range Club●●IRON●
79.6%
●Shoot along the green●●PUTT●
77.3%
●Shot from fringe●●CHIP●
76.7%
1,760 yardsMILE
76.3%
ApplaudCLAP
75.6%
Having positive qualitiesGOOD
74%
Dreamboat BradPITT
73.7%
●Golfer K.J.●●CHOI●
73.4%
Language unitWORD
73.4%
●Sandy hazard●●TRAP●
71.9%
Fire station stair alternativePOLE
71.5%
To cut into rough chunksCHOP
71.3%
Enemy of the nerdsJOCK
71.2%
Ale measurementPINT
71.1%
Poo, dung, fecesCRAP
70.9%
Ahab's cry, with 'she blows'THAR
70%
●Opposite of Slice●●HOOK●
69.7%
Notable Mormon RomneyMITT
69.6%
Public surveyPOLL
69.3%
NFL interceptionPICK
69.1%
●Aim of the game●●HOLE●
69%
●Target marker●●FLAG●
68.9%
Princess' kissing mateFROG
68.9%
NakedBARE
68.4%
●Object in flight●●BALL●
68.1%
Try to take off as a birdFLAP
68%
Hint Answer % Correct
Ahmadinejad's landIRAN
67.1%
Capitol City's BallGOOF
67%
●The Shark Norman●●GREG●
67%
Tiny arachnidMITE
66.3%
To glance or gazeLOOK
65.9%
South Asian teaCHAI
64.8%
Siam languageTHAI
64.6%
Style of grenadeFRAG
62.4%
To pawnHOCK
62.3%
Shania's ex LangeMUTT
61.7%
Common Vietnamese surnameTRAN
61.4%
aka Alecia Beth MoorePINK
60.1%
1982 Disney flickTRON
59.8%
Canadian dollar birdLOON
59.6%
Generic alcoholic beverageGROG
59.1%
●South African legend Player●●GARY●
59.1%
Homer or BugsTOON
56.8%
Patrick Bateman and Bruce WayneBALE
55.9%
British ConservativeTORY
54%
Defoe's FlandersMOLL
53.4%
Firewood measureCORD
52.7%
Cotton feeding weevilBOLL
52.1%
'On Liberty' writerMILL
51.8%
Like a Wes Craven flickGORY
50.1%
Equal to 1 mmHgTORR
49.4%
French stationGARE
47.3%
Crossbow ammoBOLT
40.1%
Kitchen order slipCHIT
36%
Canadian furrier RenfrewHOLT
35.6%
'Harold and Maude's' BudCORT
29.7%
San Fran towerCOIT
28.5%

You're not logged in!

Compare scores with friends on all Sporcle quizzes.
OR
Log In

Sporcle TV

Today on Sporcle TV


Watch our educational content, quiz creation guides, and fun videos on Sporcle TV.

Show Comments

Extras

Top Quizzes Today


Score Distribution

Paid Content

Your Account Isn't Verified!

In order to create a playlist on Sporcle, you need to verify the email address you used during registration. Go to your Sporcle Settings to finish the process.

Report this User

Report this user for behavior that violates our Community Guidelines.

Details: